[Event "Menorca op 3rd"]
[Site "Ciutadella de Menorca"]
[Date "2024.04.03"]
[Round "3"]
[White "Vogel, Roven"]
[Black "Audi, Ameya"]
[Result "1/2-1/2"]
[WhiteElo "2528"]
[BlackElo "2387"]
[PlyCount "136"]
[EventDate "2024.04.02"]
[EventType "swiss"]
[EventRounds "9"]
[EventCountry "ESP"]
[SourceTitle "CB15_2024"]
[SourceDate "2024.04.10"]
[SourceVersion "1"]
[SourceVersionDate "2024.04.10"]
[SourceQuality "1"]

1. d4 Nf6 2. c4 g6 3. Nc3 d5 4. Nf3 Bg7 5. g3 dxc4 6. Bg2 Nbd7 7. Qa4 a6 8. Qxc4 0-0 9. Ne5 Ne8 10. Nxd7 Qxd7 11. d5 Nd6 12. Qd3 Nb5 13. Nd1 e6 14. a4 Nd4 15. Be3 Nf5 16. Bf4 exd5 17. Qxd5 Qxd5 18. Bxd5 Nd4 19. Rc1 Re8 20. Rxc7 Rxe2+ 21. Kf1 Bh3+ 22. Bg2 Re1+ 23. Kxe1 Bxg2 24. Rf1 Nf3+ 25. Ke2 Nd4+ 26. Ke1 Ne6 27. Rc2 Nxf4 28. gxf4 Bxf1 29. Kxf1 Rd8 30. Ne3 f5 31. Rc7 b5 32. axb5 axb5 33. Rb7 Bxb2 34. Rxb5 Bd4 35. Rd5 Rxd5 36. Nxd5 Kf7 37. Kg2 Ke6 38. Nb4 Bc3 39. Nd3 Kd5 40. Kf3 Bd4 41. Nc1 Kc4 42. Ne2 Kd3 43. Ng1 Bb6 44. Kg3 Kd2 45. Kg2 Bc7 46. Nf3+ Ke2 47. Nd4+ Kd3 48. Ne6 Bd6 49. Ng5 h6 50. Nf7 Bxf4 51. Kf3 Bxh2 52. Nxh6 Kd4 53. Nf7 Kd5 54. Ng5 Bd6 55. Nh3 Ke5 56. Kg2 Bc5 57. Ng5 Kf6 58. f4 Ke7 59. Kf3 Bd4 60. Nh3 Kd6 61. Ng5 Bf6 62. Nh3 Kd5 63. Ng1 Kd4 64. Ne2+ Kd3 65. Ng3 Bd4 66. Ne2 Be3 67. Ng3 Bg1 68. Nf1 Bc5 1/2-1/2

[Event "Karlsruhe Grenke op"]
[Site "Karlsruhe"]
[Date "2024.03.31"]
[Round "6"]
[White "Erigaisi, Arjun Kumar"]
[Black "Vogel, Roven"]
[Result "1-0"]
[WhiteElo "2748"]
[BlackElo "2521"]
[PlyCount "117"]
[EventDate "2024.03.28"]
[EventType "swiss"]
[EventRounds "9"]
[EventCountry "GER"]
[SourceTitle "CB14_2024"]
[SourceDate "2024.04.01"]
[SourceVersion "1"]
[SourceVersionDate "2024.04.01"]
[SourceQuality "1"]

1. e4 c5 2. Nf3 d6 3. d4 cxd4 4. Qxd4 Nc6 5. Qe3 g6 6. h3 Bg7 7. Bc4 Nf6 8. Nc3 0-0 9. 0-0 Nd7 10. Rd1 Nb6 11. Bb3 Be6 12. Qf4 Bxb3 13. cxb3 e5 14. Qg3 Nd4 15. Be3 Nc2 16. Bg5 Qe8 17. Rac1 Nd4 18. Be3 f5 19. exf5 Nxf5 20. Qg4 Rc8 21. Bxb6 axb6 22. Qe4 Rc6 23. Nd5 Bh6 24. Rc3 Qf7 25. Kh1 Kh8 26. a4 Bg7 27. b4 Nd4 28. Nxd4 Rxc3 29. bxc3 exd4 30. cxd4 Qxf2 31. b5 Bh6 32. Nxb6 Bf4 33. Qf3 Qc2 34. Qd3 Qc7 35. Nd5 Qf7 36. Qf3 Bg5 37. Rf1 Qxf3 38. Rxf3 Ra8 39. Nb6 Re8 40. Rf7 Be3 41. Rxb7 Bxd4 42. a5 h5 43. h4 Re1+ 44. Kh2 g5 45. g3 g4 46. Rd7 Re2+ 47. Kh1 Re1+ 48. Kg2 Re2+ 49. Kf1 Rf2+ 50. Ke1 Ra2 51. Nc4 Bf2+ 52. Kd1 Bxg3 53. b6 Bf4 54. b7 d5 55. Nd6 Rb2 56. Rd8+ Kh7 57. b8Q Rxb8 58. Rxb8 Bxd6 59. Rb7+ 1-0

[Event "Karlsruhe Grenke op"]
[Site "Karlsruhe"]
[Date "2024.03.30"]
[Round "5"]
[White "Vogel, Roven"]
[Black "De Boer, Eelke"]
[Result "1-0"]
[WhiteElo "2521"]
[BlackElo "2395"]
[PlyCount "47"]
[EventDate "2024.03.28"]
[EventType "swiss"]
[EventRounds "9"]
[EventCountry "GER"]
[SourceTitle "CB14_2024"]
[SourceDate "2024.04.01"]
[SourceVersion "1"]
[SourceVersionDate "2024.04.01"]
[SourceQuality "1"]

1. Nf3 d5 2. e3 Nf6 3. c4 e6 4. b3 Bd6 5. Bb2 Nbd7 6. Nc3 c6 7. Qc2 a6 8. d4 0-0 9. Be2 b5 10. 0-0 Bb7 11. c5 Bc7 12. b4 e5 13. dxe5 Nxe5 14. Rad1 Qb8 15. Nxe5 Bxe5 16. f4 Bc7 17. Rf3 a5 18. Nxb5 cxb5 19. Bxf6 Ra6 20. Bd4 axb4 21. Rh3 f5 22. Bxb5 Rg6 23. Bd3 Rc8 24. Rh5 1-0

[Event "Bundesliga 2324"]
[Site "Germany"]
[Date "2024.02.03"]
[Round "7.1"]
[White "Shirov, Alexei"]
[Black "Vogel, Roven"]
[Result "1-0"]
[WhiteElo "2655"]
[BlackElo "2471"]
[PlyCount "73"]
[EventDate "2023.10.21"]
[EventType "team-tourn"]
[EventRounds "15"]
[EventCountry "GER"]
[SourceTitle "CB06_2024"]
[SourceDate "2024.02.07"]
[SourceVersion "1"]
[SourceVersionDate "2024.02.07"]
[SourceQuality "1"]
[WhiteTeam "Baden-Baden"]
[BlackTeam "Dresden TU"]
[WhiteTeamCountry "GER"]
[BlackTeamCountry "GER"]

1. e4 e5 2. Nf3 Nc6 3. Bc4 Nf6 4. d3 Bc5 5. Bg5 h6 6. Bh4 d6 7. c3 a6 8. b4 Ba7 9. 0-0 g5 10. Bg3 Qe7 11. Nbd2 Nd7 12. a4 Nf8 13. b5 Na5 14. Bd5 c6 15. Ba2 h5 16. h4 g4 17. Nh2 Ng6 18. Kh1 Nxh4 19. f4 Nxg2 20. fxe5 h4 21. Bf2 Bxf2 22. Rxf2 Ne3 23. Qe2 Qg5 24. exd6 g3 25. Rxf7 gxh2 26. Nf3 Qc5 27. Re7+ Kd8 28. Ne5 Bh3 29. bxc6 Nxc6 30. Nf7+ Kc8 31. Rc7+ Kb8 32. Rb1 Ra7 33. Rxc6 Qxc6 34. Qxe3 Rg8 35. Qxh3 Qxc3 36. d7 Rg1+ 37. Kxh2 1-0

[Event "Dresden Uhlmann Memorial"]
[Site "Dresden"]
[Date "2023.10.09"]
[Round "3"]
[White "Neef, Maximilian"]
[Black "Vogel, Roven"]
[Result "1/2-1/2"]
[WhiteElo "2480"]
[BlackElo "2471"]
[PlyCount "161"]
[EventDate "2023.10.07"]
[EventType "tourn"]
[EventRounds "9"]
[EventCountry "GER"]
[EventCategory "8"]
[SourceTitle "CB47_2023"]
[SourceDate "2023.11.22"]
[SourceVersion "1"]
[SourceVersionDate "2023.11.22"]
[SourceQuality "1"]

1. d4 d5 2. Nf3 Nf6 3. g3 g6 4. Bg2 Bg7 5. 0-0 0-0 6. c3 Nbd7 7. Bf4 c6 8. Nbd2 Nh5 9. Be3 Ndf6 10. Ne5 Ng4 11. Nxg4 Bxg4 12. Re1 Nf6 13. Qb3 Qd7 14. Bg5 Be6 15. Qa4 h6 16. Bxf6 Bxf6 17. e4 Qc7 18. e5 Bg7 19. Nf1 f6 20. f4 fxe5 21. fxe5 h5 22. Qc2 Bf5 23. Qd2 Kh7 24. Ne3 Bh6 25. Rf1 Be4 26. Bxe4 dxe4 27. Qe2 Qd7 28. Nc2 Qe6 29. Qxe4 Rxf1+ 30. Rxf1 Qxa2 31. d5 cxd5 32. Qb4 Re8 33. Qxb7 Qc4 34. Qd7 Rg8 35. Qxe7+ Rg7 36. Rf7 Qa2 37. Rxg7+ Bxg7 38. Nd4 Qb1+ 39. Kg2 Qxb2+ 40. Kh3 Qxc3 41. Ne6 Qxe5 42. Ng5+ Kg8 43. Qf7+ Kh8 44. Qxg6 Kg8 45. Qf7+ Kh8 46. Qxh5+ Kg8 47. Qf7+ Kh8 48. Kh4 a5 49. Qh5+ Kg8 50. Qf7+ Kh8 51. h3 d4 52. Qh5+ Kg8 53. Qf7+ Kh8 54. Qd7 Qf6 55. Kg4 d3 56. Qe8+ Bf8 57. Qe4 Qg7 58. Qxd3 Be7 59. h4 a4 60. Qd5 Bxg5 61. hxg5 a3 62. Qa8+ Kh7 63. Qh1+ Kg8 64. Qa8+ Kh7 65. Qxa3 Qd4+ 66. Kh3 Kg6 67. Qe7 Qg4+ 68. Kg2 Qxg5 69. Qe4+ Kg7 70. Kf3 Qh5+ 71. Qg4+ Qxg4+ 72. Kxg4 Kg6 73. Kf4 Kf6 74. g4 Kg6 75. g5 Kg7 76. Kf5 Kf7 77. g6+ Kg7 78. Kg5 Kg8 79. Kf6 Kf8 80. g7+ Kg8 81. Kg6 1/2-1/2

[Event "Dortmund Sparkassen op 50th"]
[Site "Dortmund"]
[Date "2023.06.30"]
[Round "7"]
[White "Svane, Rasmus"]
[Black "Vogel, Roven"]
[Result "1-0"]
[WhiteElo "2616"]
[BlackElo "2458"]
[PlyCount "111"]
[EventDate "2023.06.24"]
[EventType "swiss"]
[EventRounds "9"]
[EventCountry "GER"]
[SourceTitle "CBM 215 Extra"]
[Source "ChessBase"]
[SourceDate "2023.09.30"]
[SourceVersion "1"]
[SourceVersionDate "2023.09.30"]
[SourceQuality "1"]

1. d4 d5 2. Nf3 Nf6 3. Bf4 c5 4. e3 Nc6 5. Nbd2 Bg4 6. c3 e6 7. Qb3 Qc8 8. h3 Bh5 9. Be2 Be7 10. dxc5 Bxc5 11. g4 Bg6 12. Nh4 Ne4 13. Nxg6 Nxd2 14. Kxd2 hxg6 15. Rad1 a6 16. h4 Qd7 17. Kc1 0-0-0 18. h5 Bd6 19. Qa4 Ne7 20. Qxd7+ Kxd7 21. Bxd6 Kxd6 22. e4 gxh5 23. exd5 exd5 24. gxh5 g6 25. Bf3 gxh5 26. Bxh5 f6 27. a4 a5 28. Bf3 Rxh1 29. Rxh1 b6 30. Rh6 Ke5 31. Kd2 Nf5 32. Rh7 Nd6 33. Re7+ Kf4 34. Ke2 Nc4 35. b3 Ne5 36. Re6 f5 37. Bg2 Rc8 38. Kd2 Nd7 39. Bxd5 Rd8 40. c4 Rb8 41. Kc3 Nc5 42. Rc6 Na6 43. Rd6 Ke5 44. Re6+ Kf4 45. Kd4 Nc5 46. Rxb6 Rxb6 47. Kxc5 Rxb3 48. Kd6 Rb6+ 49. Bc6 Rb2 50. c5 Rxf2 51. Bd5 Rc2 52. c6 Ke3 53. c7 Rxc7 54. Kxc7 Kd4 55. Kd6 f4 56. Kc6 1-0

[Event "Dortmund Sparkassen op 50th"]
[Site "Dortmund"]
[Date "2023.06.28"]
[Round "5"]
[White "Vogel, Roven"]
[Black "Priyanka, Nutakki"]
[Result "1-0"]
[WhiteElo "2458"]
[BlackElo "2352"]
[PlyCount "117"]
[EventDate "2023.06.24"]
[EventType "swiss"]
[EventRounds "9"]
[EventCountry "GER"]
[SourceTitle "CBM 215 Extra"]
[Source "ChessBase"]
[SourceDate "2023.09.30"]
[SourceVersion "1"]
[SourceVersionDate "2023.09.30"]
[SourceQuality "1"]

1. Nf3 d5 2. e3 Nf6 3. c4 e6 4. Nc3 Be7 5. b3 0-0 6. Bb2 c5 7. cxd5 exd5 8. d4 Nc6 9. Be2 Bg4 10. dxc5 Bxc5 11. 0-0 a6 12. h3 Bh5 13. Nh4 Bxe2 14. Nxe2 Bd6 15. Nd4 Re8 16. Rc1 Rc8 17. Nhf5 Be5 18. Rc2 Qd7 19. Ba1 Nxd4 20. Nxd4 Rxc2 21. Nxc2 Bxa1 22. Qxa1 Rc8 23. Nd4 Qc7 24. Nf5 b5 25. Rd1 b4 26. Rxd5 Qc1+ 27. Rd1 Qxa1 28. Rxa1 Kf8 29. a3 Rc5 30. Nd6 Rd5 31. Nc4 Rd3 32. axb4 Rxb3 33. Rxa6 Rxb4 34. Nd6 Ne4 35. Nf5 Rb8 36. f3 Nf6 37. Ra7 Rd8 38. e4 g6 39. Ne3 Rd3 40. Nc4 Nd7 41. Kf2 h5 42. Ke2 Rd4 43. Rc7 Ke8 44. Rc8+ Ke7 45. h4 Nf6 46. Ne5 Ke6 47. Ke3 Ra4 48. Rc6+ Ke7 49. Rb6 Ra2 50. Rb7+ Ke6 51. Nxf7 Nd7 52. Ng5+ Kd6 53. g3 Ra3+ 54. Kf4 Nc5 55. Rb6+ Kc7 56. Rxg6 Nd3+ 57. Kf5 Ra5+ 58. Kf6 Ra6+ 59. Kg7 1-0

[Event "Munich Pfingst op-A 1st"]
[Site "Munich"]
[Date "2023.06.04"]
[Round "6"]
[White "Tarhan, Adar"]
[Black "Vogel, Roven"]
[Result "1-0"]
[WhiteElo "2317"]
[BlackElo "2453"]
[PlyCount "59"]
[EventDate "2023.05.31"]
[EventType "swiss"]
[EventRounds "9"]
[EventCountry "GER"]
[SourceTitle "CBM 214 Extra"]
[Source "ChessBase"]
[SourceDate "2023.07.31"]
[SourceVersion "1"]
[SourceVersionDate "2023.07.31"]
[SourceQuality "1"]

1. d4 Nf6 2. Nf3 g6 3. g3 Bg7 4. Bg2 0-0 5. 0-0 d6 6. c4 c5 7. dxc5 dxc5 8. Nc3 Nc6 9. Be3 Qb6 10. Na4 Qc7 11. Nxc5 Ng4 12. Bf4 e5 13. Bd2 Rd8 14. Qc1 b6 15. Ne4 f5 16. Nc3 e4 17. Bf4 Qb7 18. Nd2 Be6 19. f3 Bd4+ 20. Kh1 Ne3 21. Bxe3 Bxe3 22. Nd5 exf3 23. Rxf3 Bh6 24. Nf4 Bf7 25. e4 fxe4 26. Nxe4 Rd4 27. Nf6+ Kh8 28. Nxg6+ Bxg6 29. Qxh6 Rxc4 30. Ne8 1-0

[Event "Dresden Uhlmann Rapid op"]
[Site "Dresden"]
[Date "2023.05.06"]
[Round "2"]
[White "Langheinrich, Ferenc"]
[Black "Vogel, Roven"]
[Result "1-0"]
[WhiteElo "2371"]
[BlackElo "2453"]
[PlyCount "47"]
[EventDate "2023.05.06"]
[EventType "swiss (rapid)"]
[EventRounds "7"]
[EventCountry "GER"]
[SourceTitle "CBM 214 Extra"]
[Source "ChessBase"]
[SourceDate "2023.07.31"]
[SourceVersion "1"]
[SourceVersionDate "2023.07.31"]
[SourceQuality "1"]

1. e4 e6 2. b3 d5 3. Bb2 c5 4. exd5 exd5 5. Bb5+ Bd7 6. Qe2+ Ne7 7. Nf3 Nbc6 8. 0-0 Qb6 9. Bxc6 Qxc6 10. Ne5 Qe6 11. Re1 0-0-0 12. Nxd7 Qxd7 13. d3 Nc6 14. Nd2 f6 15. a3 Bd6 16. Qf3 Rhe8 17. g3 Be5 18. c3 Bc7 19. d4 cxd4 20. cxd4 Bb6 21. b4 Nxd4 22. Rac1+ Kb8 23. Qf4+ Qc7 24. Qxc7+ 1-0

[Event "Titled Tuesday intern op 21st Mar Early"]
[Site "Chess.com INT"]
[Date "2023.03.21"]
[Round "1"]
[White "Vogel, Roven"]
[Black "Khamdamova, Afruza"]
[Result "1-0"]
[WhiteElo "2462"]
[BlackElo "2140"]
[PlyCount "147"]
[EventDate "2023.03.21"]
[EventType "swiss (blitz)"]
[EventRounds "11"]
[EventCountry "USA"]
[SourceTitle "EXT 2024"]
[Source "ChessBase"]
[SourceDate "2023.10.10"]
[SourceVersion "1"]
[SourceVersionDate "2023.10.10"]
[SourceQuality "1"]

1. e4 e5 2. Nf3 Nf6 3. Nc3 Nc6 4. Bb5 Bc5 5. d3 d6 6. Bxc6+ bxc6 7. Be3 Bxe3 8. fxe3 0-0 9. 0-0 Rb8 10. b3 Re8 11. Qe1 d5 12. Nh4 Ng4 13. Nf5 Qg5 14. Rf3 g6 15. Ng3 d4 16. Nd1 Be6 17. h3 Nxe3 18. Nxe3 dxe3 19. Qxe3 Qxe3+ 20. Rxe3 Red8 21. Rf1 a5 22. a4 h5 23. Rf2 Kg7 24. Ref3 Rd7 25. Nf1 c5 26. Ne3 Rh8 27. Kf1 h4 28. Ke1 Rb8 29. Kd2 c4 30. bxc4 Rb4 31. g3 hxg3 32. Rxg3 Rxa4 33. Kc3 Ra1 34. Rh2 c6 35. h4 Kf8 36. h5 gxh5 37. Rxh5 Ra7 38. Rxe5 a4 39. Kb2 Re1 40. Nf5 Bxf5 41. Rxf5 a3+ 42. Ka2 Re2 43. Rg1 Rxc2+ 44. Kb3 Rb2+ 45. Kc3 Rb8 46. Ra1 Ke7 47. Rf2 Rh8 48. Rfa2 Rh3 49. Rxa3 Rd7 50. Rd1 c5 51. Ra6 Rg3 52. Rc6 Rg5 53. Rd2 Rd6 54. Rxd6 Kxd6 55. Rf2 Ke6 56. Ra2 Rg3 57. Ra6+ Kd7 58. Ra7+ Ke6 59. Rc7 Rg5 60. Kd2 f6 61. Ke3 Kd6 62. Rf7 Ke6 63. Rf8 Rg3+ 64. Ke2 Rg2+ 65. Kf3 Rd2 66. Rd8 Rh2 67. Rd5 Rh3+ 68. Ke2 Rh2+ 69. Ke3 Rh3+ 70. Kd2 Rh2+ 71. Kc3 Ra2 72. Rxc5 Ra3+ 73. Kd4 Ra7 74. Rf5 1-0

[Event "Titled Tuesday intern op 21st Mar Early"]
[Site "Chess.com INT"]
[Date "2023.03.21"]
[Round "9"]
[White "Vogel, Roven"]
[Black "Kosteniuk, Alexandra"]
[Result "1-0"]
[WhiteElo "2462"]
[BlackElo "2536"]
[PlyCount "69"]
[EventDate "2023.03.21"]
[EventType "swiss (blitz)"]
[EventRounds "11"]
[EventCountry "USA"]
[SourceTitle "EXT 2024"]
[Source "ChessBase"]
[SourceDate "2023.10.10"]
[SourceVersion "1"]
[SourceVersionDate "2023.10.10"]
[SourceQuality "1"]

1. d4 f5 2. g3 Nf6 3. Bg2 g6 4. c3 Bg7 5. Qb3 Nc6 6. h4 e6 7. Nh3 d5 8. Nf4 Bf8 9. Nd2 Bd6 10. Nf3 Ne4 11. c4 Na5 12. Qa4+ c6 13. c5 Bc7 14. Nd3 b5 15. Qc2 Bd7 16. b3 Qe7 17. Bf4 Bd8 18. Nfe5 Nb7 19. f3 Nf6 20. Bg5 Qg7 21. Bd2 Nh5 22. g4 fxg4 23. fxg4 Ng3 24. Rh3 Ne4 25. Bxe4 dxe4 26. Nf2 Bf6 27. Bf4 0-0-0 28. Nxe4 Be7 29. a4 Rhf8 30. Bh2 b4 31. a5 Rde8 32. Qc4 Qh6 33. g5 Qh5 34. Qa6 h6 35. Qxa7 1-0

[Event "EU-ch 23rd"]
[Site "Vrnjacka Banja"]
[Date "2023.03.13"]
[Round "11"]
[White "Sukovic, Andrej"]
[Black "Vogel, Roven"]
[Result "1/2-1/2"]
[WhiteElo "2322"]
[BlackElo "2462"]
[PlyCount "45"]
[EventDate "2023.03.03"]
[EventType "swiss"]
[EventRounds "11"]
[EventCountry "SRB"]
[SourceTitle "CBM 213"]
[Source "ChessBase"]
[SourceDate "2023.04.30"]
[SourceVersion "1"]
[SourceVersionDate "2023.04.30"]
[SourceQuality "1"]

1. e4 e5 2. Nf3 Nc6 3. Bb5 a6 4. Ba4 Nf6 5. 0-0 Be7 6. Re1 b5 7. Bb3 0-0 8. c3 d5 9. exd5 Nxd5 10. Nxe5 Nxe5 11. Rxe5 c6 12. d3 Bd6 13. Re1 Bf5 14. Qf3 Re8 15. Rxe8+ Qxe8 16. Nd2 Qe1+ 17. Nf1 Bg6 18. g3 b4 19. c4 Nf6 20. Qxc6 Rd8 21. Qb6 Rd7 22. Bc2 Ng4 23. Rb1 1/2-1/2